Music Quiz

Random Music or Lyrics Quiz

Follow That Lyric: Bruce Springsteen Quiz Stats

 Plays Quiz Updated Mar 26, 2017

Support Sporcle.
Go Orange.
Score 0/20 Timer 06:00
2 Plays Today
% Correct
Baby, we were born to run.
92.8%
Even if we're just dancing in the dark.
91.1%
In the wink of a young girl's eye.
87.6%
And meet me tonight in Atlantic City.
86.7%
Oh oh oh, I'm on fire.
85.7%
Everybody's got a hungry heart.
84.2%
Is that you baby, or just a brilliant disguise?
83.1%
They're still there, he's all gone.
82.8%
Well, he ain't my boss no more, Sandy.
79.9%
And I'm pulling out of here to win.
79.1%
% Correct
They're doin' the E Street Shuffle.
79%
Or is it something worse?
77.5%
I love you for your pink Cadillac.
77%
A million miles away.
76.6%
Is there anybody alive out there?
74.9%
On the streets of Philadelphia?
72.6%
In the darkness on the edge of town.
71.7%
Tell me, how do I begin again?
62.7%
Maybe you just saved my life.
62.7%
I'm dying, but girl I can't go back.
61.4%

You're not logged in!

Compare scores with friends on all Sporcle quizzes.
OR
Log In
Forgot?

From the Vault

A Storm of Swords POV Characters

by PhilThePain

We just hope that George R.R. Martin puts out a new book before the show runs out of material.
Remove Ads.
Support Sporcle.
Get the best of Sporcle when you Go Orange. This ad-free experience offers more features, more stats, and more fun while also helping to support Sporcle. Thank you for becoming a member.

Show Comments

Extras

Top Quizzes Today


Score Distribution

Your Account Isn't Verified!

In order to create a playlist on Sporcle, you need to verify the email address you used during registration. Go to your Sporcle Settings to finish the process.

Report this User

Report this user for behavior that violates our Community Guidelines.

Details: